000 00783nmc a2200289 a 4500
003 AR-BaBNM
005 20251128210930.0
008 041120s1997 ||||||||||||||000 | spa||
020 _a968-16-5463-3
040 _cAR-BaBNM
100 1 _aMachado, Ana María
245 1 0 _aBisa Bea, Bisa Bel
250 _a2ª ed.
260 _aMéxico, D.F.
_bFondo de Cultura Económica
_c1997
300 _a76 p.
_bil.
490 0 _aA la orilla del viento
_vv. 98
650 4 _aLITERATURA CONTEMPORANEA
653 _aNARRATIVA
653 _aLITERATURA BRASILENA
653 _aLITERATURA JUVENIL
655 _aLITERATURA
700 1 _aMarco, Vicent
_eilustrador
700 1 _aAndreu, Fátima
_etraductor
800 1 _aGoldin, Daniel
_ecoordinador
942 _cBK
998 _cMARTIN
999 _c17518
_d17518